Statistics for Top 20 Most Populated Countries in the World

Click here to take the quiz!

General Stats

  • This quiz has been taken 13 times
  • The average score is 18 of 20

Answer Stats

Answer% Correct
216 milBrazil
100%
1453 milChina
100%
84 milGermany
100%
1415 milIndia
100%
232 milPakistan
100%
146 milRussia
100%
107 milEgypt
92%
281 milIndonesia
92%
86 milIran
92%
125 milJapan
92%
132 milMexico
92%
220 milNigeria
92%
336 milUnited States of America
92%
70 milThailand
83%
86 milTurkey
83%
97 milDemocratic Republic of the Congo
75%
113 milPhilippines
75%
169 milBangladesh
67%
122 milEthiopia
67%
99 milVietnam
67%

Score Distribution

Percentile by Number Answered

Percent of People with Each Score

Your Score History

You have not taken this quiz